[Event "C.to Mondiale U16 femminile"]
[Site "Kallithea GRE"]
[Date "2003.10.23"]
[Round "1"]
[White "Rozic, Vesna"]
[Black "Clappa, Ilaria"]
[Result "1-0"]
[WhiteElo "2188"]
[BlackElo "1762"]
[PlyCount "79"]
[EventDate "2003.10.23"]

1. d4 d5 2. Nf3 Nf6 3. Bf4 Bf5 4. e3 e6 5. Bd3 Bxd3 6. cxd3 c5 7. dxc5 Bxc5 8.
O-O O-O 9. Nbd2 Nbd7 10. Nb3 Bb6 11. Rc1 Rc8 12. Rxc8 Qxc8 13. Qd2 Re8 14. Rc1
Qd8 15. d4 Ne4 16. Qc2 Qe7 17. a3 Nd6 18. Bxd6 Qxd6 19. Nc5 Rc8 20. b4 Bd8 21.
Qd2 b6 22. Nxd7 Rxc1+ 23. Qxc1 Qxd7 24. Ne5 Qc7 25. Qc6 Kf8 26. b5 f6 27. Qxc7
Bxc7 28. Nc6 Ke8 29. Nxa7 Kd7 30. Nc6 Bd6 31. a4 Ba3 32. Kf1 Bb2 33. Ke2 Bc3
34. Kd3 Ba5 35. f3 Kd6 36. e4 e5 37. dxe5+ fxe5 38. Nxa5 bxa5 39. exd5 Kxd5 40.
Ke3 1-0